00625nam a2200205Ia 4500003000400000005001700004008004100021020001800062040000700080041000800087082001300095100002800108245006300136260003800199300001600237365000800253942001200261999001900273952012700292OSt20230607150033.0210423s2012 xx 000 0 und d a9789374734902 cAL aeng a658 KUMC aKumar (Harish).9121654 aCorpoprate Social responsibility: a waffle or way of life. aNew DelhibAITBS Publishersc2012 axiv,179bPB cINR 2ddccBK c176222d176222 001040708MSWaSACPGbSACPGd2013-08-24eJupiterl1o658 KUMCpPG022926r2023-02-03 00:00:00s2023-01-24w2021-04-26yBK